00713nam a22002177a 4500003000500000005001700005008004100022010000900063011000900072035000900081040000900090100003200099245015700131260003800288300001000326500001200336502006800348650002800416650002300444650002800467CHAP20220329133147.0971013s1991 r 00010 d a2849 a3821 a3022 cCHAP00aMadrigales Puentes, Arturo. aEfecto de cuatro fechas de siembra y cinco distancias entre plantas en ocra (Abelmoschus esculentus Moench) en la región de Cd. Anáhuac, N. L. 1989) aMarín, N. L. :bEl autor,c1991 a57 h. aD47-141 aTesis (Ing. Agr. Fitotecnista) -- UANL. Facultad de Agronomía14aAbelmoschus esculentus.14aFechas de siembra.14aPlantasxEspaciamiento.